00432nam a2200121Ia 4500008004100000100002200041245006200063245004300125260000900168856004100177999001900218952007300237160531s9999 xx 000 0 und d aNeher, Richard A. aStatistical Genetics and Evolution of Quantitative Traits cby Richard A. Neher, Boris I. Shraiman c2011 uhttp://arxiv.org/pdf/1108.1630v1.pdf c295113d295113 001040aCLbCLd2016-05-31l0r2016-05-31 00:00:00w2016-05-31yCBE